Eliminácia dôsledkov neetického správania sa podnikateľov v účtovníctve

Postavenie etiky v účtovnom systéme podnikateľov a jej stále zvyšujúca sa potreba pri každodennej podnikateľskej činnosti. Možné dôsledky neetického správania sa účtovných jednotiek a možnosti ich eliminácie.

Gespeichert in:
Bibliographische Detailangaben
1. Verfasser: Varinská, Katarína
Format: Buchkapitel
Sprache:Slowakisch
Schlagworte:
Tags: Tag hinzufügen
Keine Tags, Fügen Sie das erste Tag hinzu!

MARC

LEADER 00000nla$a2200000$$$4500
001 0146871
005 20240502083339.4
041 0 |a slo 
044 |a CZ 
245 1 0 |a Eliminácia dôsledkov neetického správania sa podnikateľov v účtovníctve  |c Katarína Varinská 
520 |a Postavenie etiky v účtovnom systéme podnikateľov a jej stále zvyšujúca sa potreba pri každodennej podnikateľskej činnosti. Možné dôsledky neetického správania sa účtovných jednotiek a možnosti ich eliminácie. 
610 2 0 |a etika 
610 2 0 |a morálka 
610 2 0 |a podnikanie 
610 2 0 |a podnikatelia 
610 2 0 |a účtovníctvo 
610 2 0 |a kódexy etické 
610 2 0 |a audit 
100 1 |a Varinská, Katarína